000 00523nam a2200193 a 4500
001 1771588831975
003 YourLibrary
005 20260220173228.0
008 260220s2004##################000#0#eng##
020 _a9781843761273
082 0 4 _a320.4404
_bKEA
100 1 _aKeating, Michael,
_eauthor.
245 1 0 _aRegions and Regionalism in Europe :
260 _bEdward Elgar Publishing,
_c2004.
300 _a722 pages
650 0 _aPolitical Science.
942 _cENGLISH
040 _aYourLibrary
_beng
_cYourLibrary
999 _c614604
_d614604